No lugar : (Registro nro. 79316)
[ vista simple ]
| 000 -CABECERA | |
|---|---|
| Longitud fija campo de control | 00906nam a22003017a 4500 |
| 003 - IDENTIFICADOR DEL NÚMERO DE CONTROL | |
| Identificador del número de control | EC-QuCCB |
| 005 - FECHA Y HORA DE LA ÚLTIMA TRANSACCIÓN | |
| Fecha y hora de la última transacción | 20260408162056.0 |
| 007 - CAMPO FIJO DE DESCRIPCIÓN FÍSICA--INFORMACIÓN GENERAL | |
| Campo fijo de descripción física | ta |
| 008 - DATOS DE LONGITUD FIJA--INFORMACIÓN GENERAL | |
| Códigos de información de longitud fija | 230210s2013 ec a|||gr|||| 000 | spa d |
| 040 ## - FUENTE DE LA CATALOGACIÓN | |
| Centro catalogador de origen | EC-QuCCB |
| 041 0# - CÓDIGO DE LENGUA | |
| Código de lengua del texto;banda sonora o título independiente | spa |
| 082 ## - NÚMERO DE LA CLASIFICACIÓN DECIMAL DEWEY | |
| Número de clasificación | 700.866 |
| Número de documento | C3146 |
| 084 ## - OTRO NÚMERO DE CLASIFICACIÓN | |
| Número de clasificación | MICCEb003160 |
| 100 1# - ENTRADA PRINCIPAL--NOMBRE DE PERSONA | |
| Nombre de persona | Carrera, Eduardo, |
| Fechas asociadas con el nombre | 1955- |
| 9 (RLIN) | 44253 |
| 245 ## - MENCIÓN DE TÍTULO | |
| Título | No lugar : |
| Parte restante del título | antología de proyectos 2010 . 2013 |
| Mención de responsabilidad, etc. | Eduardo Carrera, Consuelo Crespo, Mónica Herrera |
| 260 ## - PUBLICACIÓN, DISTRIBUCIÓN, ETC. (PIE DE IMPRENTA) | |
| Lugar de publicación, distribución, etc. | Cuenca, Ecuador : |
| Nombre del editor, distribuidor, etc. | Casa de la Cultura Ecuatoriana. Núcleo del Azuay, |
| Fecha de publicación, distribución, etc. | 2013 |
| 300 ## - DESCRIPCIÓN FÍSICA | |
| Extensión | 77 páginas : |
| Otros detalles físicos | ilustraciones, |
| Dimensiones | 21 cm |
| 336 ## - TIPO DE CONTENIDO | |
| Content type term | texto |
| Content type code | txt |
| 337 ## - TIPO DE MEDIO | |
| Media type term | no mediado |
| Media type code | n |
| 338 ## - TIPO DE PORTADOR | |
| Carrier type term | volumen |
| Carrier type code | nc |
| 590 ## - NOTA LOCAL (RLIN) | |
| Nota local | pgc |
| Nota local | cbn |
| 650 #4 - PUNTO DE ACCESO ADICIONAL DE MATERIA--TÉRMINO DE MATERIA | |
| 9 (RLIN) | 11021 |
| Nombre de materia o nombre geográfico como elemento de entrada | Arte ecuatoriano |
| 9 (RLIN) | 15268 |
| Nombre de materia o nombre geográfico como elemento de entrada | Proyectos de desarrollo |
| 700 1# - PUNTO DE ACCESO ADICIONAL--NOMBRE DE PERSONA | |
| Nombre de persona | Crespo, Consuelo, |
| 9 (RLIN) | 44483 |
| Nombre de persona | Herrera, Monica, |
| 9 (RLIN) | 44484 |
| 942 ## - ELEMENTOS DE PUNTO DE ACCESO ADICIONAL (KOHA) | |
| Fuente de clasificaión o esquema | Número de Clasificación Local |
| Koha [por defecto] tipo de item | Monografía |
| Suprimido | Perdido | Fuente de clasificación o esquema | Estropeado | Restricciones de uso | No se presta | Koha Colección | Localización (Biblioteca) | Localización actual | Localización en estanterías | Fecha adquisición | Clasificación completa | Designación de pieza (código de barras) | Fecha última consulta | Número de ejemplar | Fecha del precio de reemplazo | Tipo de item de Koha |
|---|---|---|---|---|---|---|---|---|---|---|---|---|---|---|---|---|
| Disponible | Número de Clasificación Local | Sin daños | Acceso Restringido | No para préstamo | REPOSITORIO DE LA MEMORIA INSTITUCIONAL | Biblioteca y Archivo de la CCE | Biblioteca y Archivo de la CCE | REPOSITORIO DE LA MEMORIA INSTITUCIONAL | 10/02/2023 | MICCEb003160 | 0003382 | 10/02/2023 | Ej. 1 | 10/02/2023 | Monografía | |
| Disponible | Dewey Decimal Classification | Sin daños | Disponible para préstamo | ARTE | Biblioteca y Archivo de la CCE | Biblioteca y Archivo de la CCE | ARTE | 10/02/2023 | 700.866 C3146 | 10/02/2023 | Ej. 2 | 10/02/2023 | Monografía | |||
| Disponible | Dewey Decimal Classification | Sin daños | Disponible para préstamo | ARTE | Biblioteca y Archivo de la CCE | Biblioteca y Archivo de la CCE | ARTE | 10/02/2023 | 700.866 C3146 | 10/02/2023 | Ej. 3 | 10/02/2023 | Monografía |























